ARRUPE JESUIT UNIVERSITY

CORONAVIRUS -STOP THE SPREAD - CLEAN,DISINFECT,COVER

The secret world of Opus Dei; (Record no. 131734)

MARC details
000 -LEADER
fixed length control field 00451nam a22001457a 4500
008 - FIXED-LENGTH DATA ELEMENTS--GENERAL INFORMATION
fixed length control field 230405b |||||||| |||| 00| 0 eng d
020 ## - INTERNATIONAL STANDARD BOOK NUMBER
International Standard Book Number 0246125624.
050 ## - LIBRARY OF CONGRESS CALL NUMBER
Classification number BX819.3.O68 W54 1989
100 ## - MAIN ENTRY--PERSONAL NAME
Personal name Walsh, Michael
9 (RLIN) 27745
245 ## - TITLE STATEMENT
Title The secret world of Opus Dei;
Statement of responsibility, etc Walsh, Michael
260 ## - PUBLICATION, DISTRIBUTION, ETC. (IMPRINT)
Place of publication, distribution, etc London:
Name of publisher, distributor, etc Grafton Books.
Date of publication, distribution, etc 1989.
300 ## - PHYSICAL DESCRIPTION
Extent 219p;
Dimensions 24cm.
650 ## - SUBJECT ADDED ENTRY--TOPICAL TERM
Topical term or geographic name as entry element Catholic organisation:Opus Dei (Association).
9 (RLIN) 52312
942 ## - ADDED ENTRY ELEMENTS (KOHA)
Source of classification or shelving scheme Library of Congress Classification
Item type Monograph ( Printed materials)
Holdings
Withdrawn status Lost status Source of classification or shelving scheme Damaged status Not for loan Home library Current library Shelving location Date acquired Total Checkouts Full call number Barcode Date last seen Price effective from Koha item type
    Library of Congress Classification     ARRUPE LIBRARY ARRUPE LIBRARY Main Collection 05/04/2023   BX819.3.O68 W54 1989 46700000287 05/04/2023 05/04/2023 Monograph ( Printed materials)

 

Arrupe Library. PO Box MP320 Mt Pleasant, Harare, Zimbabwe
263 242 745411|librarian@aju.ac.zw